[Event "Kaupthing Open-A"]
[Site "Differdange"]
[Date "2007.07.07"]
[Round "1.1"]
[White "Wagener, Anna"]
[Black "Malakhatko, Vadim"]
[Result "0-1"]
[WhiteElo "2292"]
[BlackElo "2590"]
[PlyCount "80"]
[EventDate "2007.07.08"]

1. e4 c5 2. Nf3 e6 3. c4 a6 4. Nc3 b6 5. Be2 Bb7 6. O-O Qc7 7. Re1 d6 8. d4
cxd4 9. Nxd4 Nd7 10. Be3 Ngf6 11. f3 Be7 12. Qd2 O-O 13. a4 Ne5 14. Rec1 Rab8
15. Bf1 Rfc8 16. Qf2 Qd8 17. Nb3 Nfd7 18. Nd2 Nc5 19. Qg3 Bh4 20. Qh3 Ned3 21.
Rc2 Nb4 22. Rcc1 Ncd3 23. Bxd3 Nxd3 24. Rc2 Bf6 25. Rb1 d5 26. exd5 exd5 27.
cxd5 Nb4 28. Rcc1 Nxd5 29. Nxd5 Qxd5 30. Qg3 Rxc1+ 31. Rxc1 Be5 32. Qf2 Bxb2
33. Rb1 Be5 34. Rxb6 h6 35. Rb1 Bc6 36. Rxb8+ Bxb8 37. Qh4 Bc7 38. Kf2 Ba5 39.
Nc4 Bc3 40. Nb6 Qd1 0-1

[Event "Kaupthing Open-A"]
[Site "Differdange"]
[Date "2007.07.07"]
[Round "1.2"]
[White "Koneru, Humpy"]
[Black "Bednarich, Jan"]
[Result "1-0"]
[WhiteElo "2572"]
[BlackElo "2279"]
[PlyCount "61"]
[EventDate "2007.07.08"]

1. d4 Nf6 2. c4 Nc6 3. Nf3 e6 4. a3 g6 5. Nc3 Bg7 6. g3 O-O 7. Bg2 d6 8. O-O a6
9. Qc2 Rb8 10. Rd1 Qe8 11. e4 e5 12. dxe5 Nxe5 13. Nxe5 dxe5 14. Be3 Nd7 15.
Bh3 b6 16. Nd5 Rb7 17. Qa4 f5 18. Bg5 Kh8 19. Ne7 b5 20. Qc2 h6 21. exf5 hxg5
22. Nxg6+ Kg8 23. Nxf8 Qxf8 24. Bg2 Ra7 25. cxb5 axb5 26. Qb3+ Kh8 27. Qe3 Ra6
28. Qxg5 Nf6 29. Qh4+ Kg8 30. g4 Ne8 31. Bd5+ 1-0

[Event "Kaupthing Open-A"]
[Site "Differdange"]
[Date "2007.07.07"]
[Round "1.3"]
[White "Graf, Felix"]
[Black "Kritz, Leonid"]
[Result "0-1"]
[WhiteElo "2273"]
[BlackElo "2571"]
[PlyCount "72"]
[EventDate "2007.07.08"]

1. d4 Nf6 2. c4 c6 3. Nc3 d5 4. Nf3 a6 5. Ne5 dxc4 6. Nxc4 Nbd7 7. Bf4 b5 8.
Ne5 Nxe5 9. dxe5 Nd5 10. Nxd5 cxd5 11. a4 e6 12. axb5 Qb6 13. Qa4 Rb8 14. bxa6+
Bd7 15. Qd1 Bc5 16. e3 Bb4+ 17. Ke2 Be7 18. h4 O-O 19. Kf3 f6 20. Kg3 Qxb2 21.
exf6 Qxf6 22. Kh2 Rb2 23. Kg1 Bc5 24. g3 Kh8 25. Rc1 Bb6 26. Bd3 h6 27. Qh5 Rd2
28. Qg6 Rxd3 29. Qxd3 e5 30. Qxd5 exf4 31. gxf4 Rd8 32. Qe5 Qg6+ 33. Kh2 Qg4
34. h5 Re8 35. Qd5 Rxe3 36. Qa8+ Re8 0-1

[Event "Kaupthing Open-A"]
[Site "Differdange"]
[Date "2007.07.07"]
[Round "1.4"]
[White "Stefansson, Hannes"]
[Black "Holm, Sejer"]
[Result "1-0"]
[WhiteElo "2568"]
[BlackElo "2262"]
[PlyCount "71"]
[EventDate "2007.07.08"]

1. e4 c5 2. Nf3 Nc6 3. Nc3 d6 4. d4 cxd4 5. Nxd4 Nf6 6. Bg5 e6 7. Qd2 a6 8.
O-O-O h6 9. Be3 Nxd4 10. Bxd4 b5 11. f3 Bb7 12. Kb1 Qc7 13. Qf2 Nd7 14. a3 Nc5
15. g4 Rc8 16. Rg1 Na4 17. Nxa4 bxa4 18. c4 Bc6 19. Bd3 e5 20. Bc3 Be7 21. f4
Bd7 22. Rc1 f6 23. h4 Be6 24. Ka1 Qc5 25. Qd2 g5 26. f5 Bd7 27. Rh1 Kf7 28. Rh3
Rhg8 29. Bb4 Qc7 30. c5 Bb5 31. Bxb5 axb5 32. hxg5 dxc5 33. g6+ Ke8 34. Qd5 Rg7
35. Rxh6 Qc6 36. Rh8+ 1-0

[Event "Kaupthing Open-A"]
[Site "Differdange"]
[Date "2007.07.07"]
[Round "1.5"]
[White "Mamedjarova, Turkan"]
[Black "Georgiev, Vladimir"]
[Result "1/2-1/2"]
[WhiteElo "2254"]
[BlackElo "2567"]
[PlyCount "21"]
[EventDate "2007.07.08"]

1. Nf3 d5 2. d4 Nf6 3. e3 Bg4 4. Bd3 Nbd7 5. e4 e5 6. Be2 dxe4 7. Nfd2 Bxe2 8.
Qxe2 c6 9. Nc3 Bb4 10. O-O O-O 11. dxe5 1/2-1/2

[Event "Kaupthing Open-A"]
[Site "Differdange"]
[Date "2007.07.07"]
[Round "1.6"]
[White "Schlosser, Philipp"]
[Black "Sorm, Daniel"]
[Result "1-0"]
[WhiteElo "2562"]
[BlackElo "2250"]
[PlyCount "111"]
[EventDate "2007.07.08"]

1. c4 e6 2. g3 d5 3. Bg2 c6 4. Qc2 Nf6 5. Nf3 Bd6 6. d4 O-O 7. O-O Nbd7 8. Bg5
h6 9. Bxf6 Nxf6 10. Nbd2 b6 11. e4 Nxe4 12. Nxe4 dxe4 13. Qxe4 Bb7 14. Ne5 Bxe5
15. Qxe5 Qd7 16. Rfd1 Rfd8 17. Bf3 Qd6 18. c5 Qxe5 19. dxe5 bxc5 20. Rac1 Kf8
21. Rxc5 Rxd1+ 22. Bxd1 Ke7 23. b4 Kd7 24. Bh5 g6 25. Bf3 Rc8 26. Kf1 Ba6+ 27.
Ke1 Bb5 28. Kd2 Kc7 29. a4 Rd8+ 30. Ke3 Bxa4 31. Ra5 Bb5 32. Rxa7+ Kb6 33. Rxf7
Rd3+ 34. Ke4 Rb3 35. Bg4 Rxb4+ 36. Kf3 Bc4 37. Ke3 Bd5 38. f4 g5 39. Rf6 gxf4+
40. gxf4 Rb3+ 41. Kf2 Rb2+ 42. Kg3 Rg2+ 43. Kh3 Rf2 44. Bxe6 Bxe6+ 45. Kg3 Rf1
46. Rxe6 h5 47. Rf6 Kc5 48. Kh4 Kd5 49. Kxh5 c5 50. Kg5 c4 51. Rd6+ Ke4 52. Rc6
Rg1+ 53. Kf6 Kxf4 54. Rxc4+ Ke3 55. h4 Kd3 56. Ra4 1-0

[Event "Kaupthing Open-A"]
[Site "Differdange"]
[Date "2007.07.07"]
[Round "1.7"]
[White "Schweitzer, Viktoriya"]
[Black "Sulava, Nenad"]
[Result "1/2-1/2"]
[WhiteElo "2243"]
[BlackElo "2544"]
[PlyCount "68"]
[EventDate "2007.07.08"]

1. e4 c5 2. Nf3 e6 3. d3 Nc6 4. g3 Nf6 5. Bg2 d5 6. Nbd2 Be7 7. O-O b6 8. c3
Bb7 9. Re1 Qc7 10. Qe2 O-O-O 11. e5 Nd7 12. a3 g5 13. h3 h5 14. g4 hxg4 15.
hxg4 Rdg8 16. Nf1 Kb8 17. d4 a5 18. Bd2 a4 19. Qb5 Nf8 20. Qxa4 Ng6 21. dxc5
bxc5 22. b4 Ngxe5 23. bxc5 Nd3 24. Reb1 Nxc5 25. Qb5 Ka8 26. Nd4 Na7 27. Qe2
Bd6 28. a4 Ne4 29. a5 Bh2+ 30. Nxh2 Qxh2+ 31. Kf1 Nxd2+ 32. Qxd2 Ba6+ 33. Ne2
Nb5 34. c4 Nd6 1/2-1/2

[Event "Kaupthing Open-A"]
[Site "Differdange"]
[Date "2007.07.07"]
[Round "1.8"]
[White "Erdos, Viktor"]
[Black "Struk, Jerzy"]
[Result "1-0"]
[WhiteElo "2523"]
[BlackElo "2240"]
[PlyCount "60"]
[EventDate "2007.07.08"]

1. d4 d5 2. c4 e6 3. Nc3 Be7 4. Nf3 Nf6 5. Qc2 O-O 6. cxd5 exd5 7. Bg5 c6 8. e3
Nbd7 9. Bd3 Re8 10. h3 Nf8 11. O-O Ne4 12. Bf4 Bd6 13. Bxd6 Nxd6 14. b4 Qf6 15.
Ne5 a6 16. a4 Ng6 17. Bxg6 hxg6 18. b5 Bf5 19. Qb3 c5 20. bxa6 bxa6 21. Nxd5
Qe6 22. Qa2 cxd4 23. exd4 Red8 24. Nc3 Qxa2 25. Rxa2 Rac8 26. d5 Ne4 27. Nc6
Rd7 28. Rc1 Nd6 29. f3 Kf8 30. g4 Re7 1-0

[Event "Kaupthing Open-A"]
[Site "Differdange"]
[Date "2007.07.07"]
[Round "1.9"]
[White "Funke, Reinhard"]
[Black "Bojkov, Dejan"]
[Result "0-1"]
[WhiteElo "2236"]
[BlackElo "2520"]
[PlyCount "88"]
[EventDate "2007.07.08"]

1. d4 Nf6 2. c4 g6 3. Nf3 Bg7 4. g3 O-O 5. Bg2 d6 6. O-O c6 7. Nc3 Qa5 8. h3 e5
9. e4 Nbd7 10. d5 cxd5 11. cxd5 b5 12. Nd2 b4 13. Qa4 Qb6 14. Ne2 Nc5 15. Qd1
Ba6 16. Kh2 Rac8 17. Rg1 Nd3 18. f3 Nh5 19. b3 Nxc1 20. Rxc1 Rxc1 21. Nxc1 Bh6
22. Bf1 Nxg3 23. Bxa6 Bf4 24. Rxg3 Qf2+ 25. Kh1 Qxg3 26. Nf1 Qxh3+ 27. Kg1 f5
28. Nd3 fxe4 29. Nf2 Be3 30. Nxe3 Qg3+ 31. Kf1 Rxf3 32. Qc2 h5 33. Ned1 e3 34.
Nxe3 Rxe3 35. Qc8+ Kg7 36. Qd7+ Kh6 37. Be2 Rc3 38. Qd8 Rc1+ 39. Bd1 Qf3 40.
Qh8+ Kg5 41. Ke1 Qe3+ 42. Kf1 Qf4 43. Ke2 Kh4 44. Qd8+ Kg3 0-1

[Event "Kaupthing Open-A"]
[Site "Differdange"]
[Date "2007.07.07"]
[Round "1.10"]
[White "Gharamian, Tigran"]
[Black "Kasparova, Tatiana"]
[Result "1-0"]
[WhiteElo "2517"]
[BlackElo "2217"]
[PlyCount "83"]
[EventDate "2007.07.08"]

1. e4 d6 2. d4 Nf6 3. Nc3 e5 4. dxe5 dxe5 5. Qxd8+ Kxd8 6. Bg5 Be6 7. O-O-O+
Nbd7 8. f4 exf4 9. Nf3 h6 10. Bxf4 Bb4 11. Nb5 Ba5 12. Ne5 Kc8 13. Bc4 a6 14.
Nd4 Bxc4 15. Nxc4 Bb4 16. c3 Bc5 17. Rhe1 Re8 18. e5 Bxd4 19. Rxd4 Nc5 20. Bg3
Nh5 21. Bf2 Ne6 22. Rd2 Nhf4 23. Bg3 Nh5 24. Bh4 b5 25. Na5 Nhf4 26. Kc2 Ng6
27. Bg3 Rd8 28. Rf2 Rd7 29. Ref1 Nd8 30. Nb3 c6 31. Nc5 Re7 32. Ne4 Nxe5 33.
Nd6+ Kd7 34. Rd1 Ng4 35. Nxf7+ Ke8 36. Nd6+ Kd7 37. Nxb5+ Ke8 38. Nd6+ Kd7 39.
Nf5+ Ke8 40. Rf3 Rd7 41. Nd6+ Ke7 42. Re1+ 1-0

[Event "Kaupthing Open-A"]
[Site "Differdange"]
[Date "2007.07.07"]
[Round "1.12"]
[White "Iotov, Valentin"]
[Black "Penzel, Frank"]
[Result "1-0"]
[WhiteElo "2502"]
[BlackElo "2210"]
[PlyCount "47"]
[EventDate "2007.07.08"]

1. d4 Nf6 2. c4 g6 3. Nc3 d5 4. Nf3 Bg7 5. Qb3 dxc4 6. Qxc4 O-O 7. e4 b6 8. e5
Be6 9. exf6 Bxc4 10. fxg7 Kxg7 11. Bxc4 Qd6 12. O-O Nd7 13. Bg5 h6 14. Bh4 f5
15. Rfe1 g5 16. Re6 Qb4 17. Bb3 Nf6 18. Ne5 Rae8 19. Nc6 Qd6 20. Rxd6 cxd6 21.
Nb5 e5 22. Nc7 Rc8 23. Ne6+ Kf7 24. Nxf8+ 1-0

[Event "Kaupthing Open-A"]
[Site "Differdange"]
[Date "2007.07.07"]
[Round "1.13"]
[White "Mertens, Marc"]
[Black "Kasparov, Sergey"]
[Result "0-1"]
[WhiteElo "2207"]
[BlackElo "2500"]
[PlyCount "101"]
[EventDate "2007.07.08"]

1. e4 d5 2. exd5 Qxd5 3. Nc3 Qa5 4. d4 c6 5. Nf3 Nf6 6. Bd2 Bf5 7. Ne4 Qc7 8.
Nxf6+ gxf6 9. Nh4 Bg6 10. g3 e6 11. Bg2 Nd7 12. O-O Bd6 13. c4 O-O 14. b4 Rad8
15. Qb3 Rfe8 16. Rfe1 Bf8 17. c5 Bg7 18. Nxg6 hxg6 19. Rad1 a6 20. a4 f5 21.
Bf4 Qc8 22. Bd6 Bf8 23. Bf4 Nf6 24. b5 axb5 25. axb5 Nd5 26. Bg5 Be7 27. Bd2
Bf6 28. Ba5 Rd7 29. Rd3 Kg7 30. h4 Rh8 31. Bd2 Rhd8 32. Ba5 Rh8 33. Bd2 Qa8 34.
Bf3 Nc7 35. bxc6 bxc6 36. Bf4 Qa6 37. Rd2 Nb5 38. Be2 Rxd4 39. Rxd4 Nxd4 40.
Bxa6 Nxb3 41. Bd6 Nd4 42. Rb1 Ra8 43. Rb6 e5 44. Bb7 Ra1+ 45. Kg2 e4 46. Bxc6
Nxc6 47. Rxc6 Ra2 48. Bf4 Bd4 49. Rd6 Rxf2+ 50. Kh3 Bf6 51. Rd8 0-1

[Event "Kaupthing Open-A"]
[Site "Differdange"]
[Date "2007.07.07"]
[Round "1.14"]
[White "Schebler, Gerhard"]
[Black "Smokina, Karolina"]
[Result "1/2-1/2"]
[WhiteElo "2496"]
[BlackElo "2205"]
[PlyCount "56"]
[EventDate "2007.07.08"]

1. d4 d5 2. Nf3 Nf6 3. c4 c6 4. Qc2 e6 5. Nbd2 Nbd7 6. e4 dxe4 7. Nxe4 c5 8.
Nxc5 Nxc5 9. dxc5 Bxc5 10. Bd3 b6 11. Bf4 Bb7 12. O-O-O Qe7 13. Rhe1 O-O 14.
Ng5 h6 15. Ne4 Bxe4 16. Bxe4 Nxe4 17. Rxe4 Rad8 18. Ree1 Rxd1+ 19. Rxd1 Rd8 20.
Rxd8+ Qxd8 21. Qe2 Qd4 22. Bg3 h5 23. Kc2 h4 24. Bb8 Qd7 25. f3 Qa4+ 26. Kb1
Bd4 27. Bf4 Bf6 28. Bc1 Qd7 1/2-1/2

[Event "Kaupthing Open-A"]
[Site "Differdange"]
[Date "2007.07.07"]
[Round "1.15"]
[White "Zelbel, Patrick"]
[Black "Henrichs, Thomas"]
[Result "0-1"]
[WhiteElo "2193"]
[BlackElo "2496"]
[PlyCount "96"]
[EventDate "2007.07.08"]

1. e4 d6 2. d4 g6 3. Nc3 Bg7 4. Be3 a6 5. Qd2 Nd7 6. a4 b6 7. Bc4 Bb7 8. Nge2
e6 9. O-O Ngf6 10. d5 exd5 11. exd5 O-O 12. Bg5 Re8 13. Rfe1 Qe7 14. Nd4 Qf8
15. b4 h6 16. Bf4 Ne5 17. Bb3 Nh5 18. Rad1 Nxf4 19. Qxf4 Nd7 20. Qd2 Kh7 21.
Ne4 Qh8 22. Nc6 Qf8 23. f4 Nf6 24. Ng3 Rxe1+ 25. Rxe1 Re8 26. Bc4 Rxe1+ 27.
Qxe1 b5 28. axb5 axb5 29. Bb3 Qa8 30. c3 Qa3 31. Qd1 h5 32. Nd8 Ng4 33. Ne4
Qa7+ 34. Kh1 Qe3 35. h3 Qxe4 36. hxg4 Bc8 37. gxh5 Qxf4 38. hxg6+ fxg6 39. Ne6
Qh6+ 40. Kg1 Qe3+ 41. Kh1 Bxc3 42. Bc2 Qh6+ 43. Kg1 Bxe6 44. dxe6 Qe3+ 45. Kh1
Qxe6 46. Qh5+ Kg7 47. Qxb5 Qe1+ 48. Kh2 Qh4+ 0-1

[Event "Kaupthing Open-A"]
[Site "Differdange"]
[Date "2007.07.07"]
[Round "1.16"]
[White "Jansa, Vlastimil"]
[Black "Barthel, Ansgar"]
[Result "0-1"]
[WhiteElo "2494"]
[BlackElo "2182"]
[PlyCount "108"]
[EventDate "2007.07.08"]

1. e4 Nf6 2. e5 Nd5 3. d4 d6 4. Nf3 Bg4 5. Be2 c6 6. O-O Bxf3 7. Bxf3 dxe5 8.
dxe5 e6 9. Qe2 Qc7 10. Re1 Nd7 11. Nd2 O-O-O 12. a4 h6 13. Nc4 N7b6 14. Nxb6+
Qxb6 15. a5 Qc7 16. Bd2 Bc5 17. c3 Be7 18. b4 Bg5 19. Bxg5 hxg5 20. Bxd5 cxd5
21. Qe3 Kb8 22. b5 Qe7 23. Ra4 Rh4 24. Rd4 Rc8 25. h3 Rxd4 26. cxd4 Qb4 27. Rf1
g4 28. hxg4 Qxb5 29. Qg5 Qxa5 30. Qxg7 Qc7 31. g5 a5 32. g6 fxg6 33. Qxg6 Qe7
34. f4 Qb4 35. Qd3 Rc3 36. Qd2 Rc4 37. Rd1 Qxd2 38. Rxd2 b5 39. g4 Kc7 40. f5
Kd7 41. f6 Ke8 42. g5 Kf7 43. Rf2 Rc7 44. Kh2 Kg6 45. Kg3 b4 46. Ra2 Ra7 47.
Rb2 Rb7 48. Kg4 b3 49. Rh2 Rh7 50. Rb2 a4 51. Kf4 Rh3 52. Rf2 a3 53. f7 Rh8 54.
Kg4 b2 0-1

[Event "Kaupthing Open-A"]
[Site "Differdange"]
[Date "2007.07.07"]
[Round "1.19"]
[White "Herbold, Manfred"]
[Black "Meijers, Viesturs"]
[Result "1/2-1/2"]
[WhiteElo "2167"]
[BlackElo "2483"]
[PlyCount "112"]
[EventDate "2007.07.08"]

1. Nc3 d5 2. e4 dxe4 3. Nxe4 e5 4. Bc4 Bd6 5. d3 Nf6 6. Bg5 Nbd7 7. Qf3 h6 8.
Be3 Qe7 9. Ne2 Nb6 10. Nxf6+ Qxf6 11. Qxf6 gxf6 12. Bb3 h5 13. f4 Be6 14. fxe5
Bxe5 15. O-O-O Nd5 16. Bd2 c6 17. d4 Bc7 18. Rdf1 O-O-O 19. Nf4 Nxf4 20. Bxf4
f5 21. Bxc7 Kxc7 22. Rf4 Rhg8 23. g3 Rg4 24. Rxg4 fxg4 25. c3 Bxb3 26. axb3 Kd6
27. Kd2 Rh8 28. h4 gxh3 29. Rxh3 Rg8 30. Ke3 Rg5 31. Kf4 Rb5 32. b4 Ke6 33. Rh2
Kf6 34. Rh4 Rf5+ 35. Ke4 Kg6 36. Rh2 f6 37. c4 Rg5 38. Kf3 Kf7 39. b3 Ke6 40.
Re2+ Kd7 41. Ra2 a6 42. Re2 Rf5+ 43. Ke4 Ke6 44. Rh2 Rg5 45. Kf3 Kf7 46. Re2
Rf5+ 47. Ke4 Rf1 48. d5 cxd5+ 49. cxd5 Ke7 50. Kd4+ Kd7 51. Re3 Rh1 52. Kc5 h4
53. gxh4 Rxh4 54. Rf3 Rh6 55. Rg3 Rh7 56. Rf3 Rh6 1/2-1/2

[Event "Kaupthing Open-A"]
[Site "Differdange"]
[Date "2007.07.07"]
[Round "1.21"]
[White "Bellin, Jana"]
[Black "Hoffmann, Michael"]
[Result "0-1"]
[WhiteElo "2151"]
[BlackElo "2481"]
[PlyCount "72"]
[EventDate "2007.07.08"]

1. d4 Nf6 2. Nf3 e6 3. c4 d5 4. cxd5 exd5 5. Bg5 Be7 6. Nc3 c6 7. e3 Bf5 8. Bd3
Bxd3 9. Qxd3 Nbd7 10. O-O O-O 11. Bxf6 Nxf6 12. Rab1 a5 13. Ne5 Bd6 14. f4 Qe7
15. Rf3 Bb4 16. Rh3 Rfe8 17. Qf5 h6 18. Nd1 Qe6 19. Qd3 Ne4 20. Nf2 f6 21. Nf3
c5 22. dxc5 Bxc5 23. Nd4 Bxd4 24. Qxd4 Rac8 25. Nxe4 dxe4 26. Rd1 Qxa2 27. Rg3
Qf7 28. Qa4 Red8 29. Rxd8+ Rxd8 30. Qxa5 Rd1+ 31. Kf2 Qc4 32. Rh3 Qc2+ 33. Kg3
Rd2 34. Qa8+ Kh7 35. Qxb7 Rxg2+ 36. Kh4 Qf2+ 0-1